000 00601nam a22002297a 4500
003 UA-OsUOA
001 88100
007 ta
008 20121001b un ||||| |||| 00| 0 ukr d
100 _aГолыгина К.И.
090 _a82.09
_bГ 63
942 _cBK
040 _aUA-OsUOA
_brus
_cUA-OsUOA
_dUA-OsUOA
245 _aНовелла средневекового Китая
300 _a325 с.
955 _a4
041 _arus
080 _a82.09
260 _aМ.
_bНаука
_c1980
650 7 _a82 Література. Літературознавство
_2UDC
999 _c374432
_d374432